Score 0/49 Timer 06:00
1 Play Today
Year - President State % Correct
2012 ObamaHawaii
85.9%
2008 ObamaHawaii
84.2%
2016 TrumpWyoming
74.7%
2004 BushUtah
47.7%
2000 BushWyoming
40.5%
1992 ClintonArkansas
40.1%
1976 CarterGeorgia
36%
1996 ClintonMassachusetts
35%
1984 ReaganUtah
29.4%
1980 ReaganUtah
29.4%
1988 BushUtah
28.9%
1960 KennedyRhode Island
13.8%
1972 NixonMississippi
13.7%
1964 JohnsonRhode Island
11%
1824 AdamsNew Hampshire
9.5%
1924 CoolidgeVermont
9.4%
1944 RooseveltMississippi
9.2%
1832 JacksonGeorgia, Mississippi, & Missouri
9.1%
1940 RooseveltMississippi
9.1%
1956 EisenhowerVermont
8.7%
1952 EisenhowerVermont
8.5%
1936 RooseveltSouth Carolina
8.4%
1932 RooseveltSouth Carolina
8.3%
1860 LincolnVermont
8.3%
1900 McKinleyVermont
8.2%
Year - President State % Correct
1828 JacksonGeorgia
8%
1908 TaftVermont
8%
1896 McKinleyVermont
7.9%
1904 RooseveltVermont
7.9%
1872 GrantVermont
7.6%
1880 GarfieldVermont
7.6%
1888 HarrisonVermont
7.5%
1868 GrantVermont
7.5%
1876 HayesVermont
7.4%
1916 WilsonSouth Carolina
7.2%
1968 NixonNebraska
7.2%
1912 WilsonSouth Carolina
7.2%
1948 TrumanTexas
7.1%
1884 ClevelandSouth Carolina
5%
1836 Van BurenNew Hampshire
4.4%
1928 HooverKansas
4.3%
1892 ClevelandFlorida
3.8%
1852 PierceTexas
3.5%
1864 LincolnKansas
3.4%
1848 TaylorRhode Island
3.3%
1920 HardingNorth Dakota
3.3%
1856 BuchananArkansas
2.9%
1844 PolkArkansas
2.5%
1840 HarrisonKentucky
2.4%
Remove Ads.
Support Sporcle.
Get the best of Sporcle when you Go Orange. This ad-free experience offers more features, more stats, and more fun while also helping to support Sporcle. Thank you for becoming a member.

You're not logged in!

Compare scores with friends on all Sporcle quizzes.
OR
Log In

Sporcle TV

Today on Sporcle TV


Watch our educational content, quiz creation guides, and fun videos on Sporcle TV.

Show Comments

Extras

Top Quizzes Today


Score Distribution

Paid Content

Your Account Isn't Verified!

In order to create a playlist on Sporcle, you need to verify the email address you used during registration. Go to your Sporcle Settings to finish the process.

Report this User

Report this user for behavior that violates our Community Guidelines.

Details: